000 00398cam a2200157ua 4500
041 _aeng
_h
082 _a371.39
_bMAR/DI
100 _aMarjorie, East .
245 _aDisplay for learning /
_cEast Marjorie Etal.
_hTextual Documents
260 _aNewyork :
_bHenry holt and company ,
_c1962.
300 _a306 ; .
500 _a**Reference
504 _a
942 _cBK
999 _c11249
_d11249